[Event "Junior Online 4NCL Division 4"]
[Site "online"]
[Date "2020.05.21"]
[Round "6.15"]
[White "Kothari, Jai"]
[Black "Surapaneni, Rohit"]
[Result "1-0"]
[WhiteElo "1547"]
[BlackElo "1465"]
[PlyCount "109"]
[EventDate "2020.05.21"]
[WhiteTeam "Woking Warriors"]
[BlackTeam "Cheshire8Y"]

1. e4 e5 2. Nf3 Nc6 3. Bc4 Bc5 4. d3 h6 5. c3 Nf6 6. b4 Bb6 7. a4 a5 8. b5 Ne7
9. Nxe5 O-O 10. h3 d6 11. Nf3 Ng6 12. O-O c5 13. Be3 Ne5 14. Nxe5 dxe5 15. Nd2
Be6 16. Bxe6 fxe6 17. Nf3 Qc7 18. c4 Rfd8 19. Qc2 Qd6 20. Rad1 Rac8 21. Qc3 Nd7
22. Nh2 Nf6 23. f4 exf4 24. Bxf4 Qe7 25. Bxh6 Rf8 26. Bg5 Bc7 27. Ng4 Nxe4 28.
Bxe7 Nxc3 29. Rxf8+ Rxf8 30. Bxf8 Nxd1 31. Bxc5 Nb2 32. Nf2 Nxa4 33. Be3 Nb2
34. Bd4 Na4 35. Kf1 e5 36. Ba1 Nb6 37. Ke2 Kf7 38. Ke3 Ke6 39. Ke4 Nd7 40. d4
Nf6+ 41. Ke3 Nh5 42. d5+ Kd6 43. Ne4+ Ke7 44. c5 Kd7 45. d6 Bb8 46. Bxe5 a4 47.
g4 Nf6 48. Nxf6+ gxf6 49. Bxf6 a3 50. Kd4 a2 51. Kd5 Ba7 52. c6+ bxc6+ 53.
bxc6+ Kc8 54. d7+ Kc7 55. d8=Q# 1-0

[Event "Junior Online 4NCL Division 4"]
[Site "online"]
[Date "2020.05.21"]
[Round "6.16"]
[White "Epstein, Jacob"]
[Black "Phillips, Freddie"]
[Result "1-0"]
[WhiteElo "1427"]
[BlackElo "1390"]
[PlyCount "97"]
[EventDate "2020.05.21"]
[WhiteTeam "Cheshire8Y"]
[BlackTeam "Woking Warriors"]

1. e4 e5 2. Nf3 Nc6 3. Bc4 Bc5 4. c3 Nf6 5. d4 exd4 6. cxd4 Bb4+ 7. Nc3 Nxe4 8.
O-O Nxc3 9. bxc3 Bxc3 10. Qb3 Bxa1 11. Bxf7+ Kf8 12. Bg5 Ne7 13. Re1 d5 14.
Bxe7+ Kxf7 15. Bxd8 Rxd8 16. Rxa1 Bf5 17. Re1 Be4 18. Ng5+ Kg8 19. Nxe4 Re8 20.
Qxd5+ Kh8 21. f4 Rad8 22. Qf5 Rxd4 23. Kf2 g6 24. Qf6+ Kg8 25. Qxd4 Re7 26.
Nf6+ Kf8 27. Rxe7 Kxe7 28. Qe5+ Kf7 29. Ke3 c5 30. Kd3 b5 31. Qc7+ Kxf6 32. Qd7
c4+ 33. Kc3 a6 34. Qc6+ Kf5 35. Qxa6 Kxf4 36. Qxb5 Ke3 37. Kxc4 Kf2 38. Qb6+
Kxg2 39. Qb7+ Kxh2 40. Qxh7+ Kg2 41. Qxg6+ Kf2 42. Qe6 Kf3 43. Kd4 Kf4 44. Qf6+
Kg4 45. Ke5 Kg3 46. Qf4+ Kg2 47. Ke4 Kh3 48. Qg5 Kh2 49. Kf3 1-0

[Event "Junior Online 4NCL Division 4"]
[Site "online"]
[Date "2020.05.21"]
[Round "6.17"]
[White "Wicks, Alexander"]
[Black "Jia, Ethan"]
[Result "1-0"]
[WhiteElo "1285"]
[BlackElo "1315"]
[PlyCount "101"]
[EventDate "2020.05.21"]
[WhiteTeam "Woking Warriors"]
[BlackTeam "Cheshire8Y"]

1. e4 e5 2. Nf3 Nc6 3. Bb5 Nf6 4. O-O Bc5 5. Nxe5 Nxe5 6. d4 c6 7. Be2 Bxd4 8.
Qxd4 Ng6 9. Bh5 d6 10. Bxg6 hxg6 11. e5 dxe5 12. Qxe5+ Be6 13. Bg5 Rh5 14. Nc3
Qe7 15. Qe3 Qc7 16. Bf4 Qe7 17. Rad1 Ng4 18. Qg3 f6 19. h3 g5 20. Bd6 Qf7 21.
hxg4 Rh4 22. f3 Qg6 23. Ne4 Qh7 24. Kf2 Qg6 25. Rh1 Qh7 26. Rxh4 gxh4 27. Qh3
f5 28. gxf5 Bxf5 29. Qh2 Bg6 30. g3 hxg3+ 31. Qxg3 O-O-O 32. Qg1 Qh4+ 33. Ke3
Re8 34. Qxg6 Rg8 35. Qf7 Qh6+ 36. Bf4 Qxf4+ 37. Kxf4 b6 38. Qxg8+ Kb7 39. Qxg7+
Ka6 40. Rd7 Kb5 41. Rxa7 c5 42. Qd7+ Kc4 43. c3 b5 44. Qe6+ Kd3 45. Qe7 c4 46.
Qc5 b4 47. Rd7+ Ke2 48. Ng3+ Ke1 49. Qe5+ Kf2 50. Rd2+ Kg1 51. Qe1# 1-0

[Event "Junior Online 4NCL Division 4"]
[Site "online"]
[Date "2020.05.21"]
[Round "6.18"]
[White "Idan, Tani"]
[Black "Seet, Joshua"]
[Result "0-1"]
[WhiteElo "1285"]
[BlackElo "1277"]
[PlyCount "94"]
[EventDate "2020.05.21"]
[WhiteTeam "Cheshire8Y"]
[BlackTeam "Woking Warriors"]

1. e4 e6 2. d4 d5 3. e5 c5 4. c3 Nc6 5. Nf3 Qb6 6. Be3 cxd4 7. cxd4 Bb4+ 8.
Nbd2 Nge7 9. a3 Bxd2+ 10. Qxd2 O-O 11. Bd3 Ng6 12. O-O Bd7 13. a4 Na5 14. Bc2
Rfc8 15. Rab1 Nc4 16. Qd3 Qa5 17. Qd1 Rab8 18. b4 Qa6 19. b5 Qa5 20. Bd2 Qd8
21. Bd3 Nxd2 22. Qxd2 a6 23. bxa6 bxa6 24. Bxa6 Rc6 25. Bb5 Rcb6 26. Qd3 Bxb5
27. axb5 Qd7 28. Rfc1 h6 29. h3 Rxb5 30. Rxb5 Rxb5 31. Ra1 Nf4 32. Ra7 Nxd3 33.
Rxd7 Rb1+ 34. Kh2 Nxf2 35. Rd8+ Kh7 36. Rd7 Kg6 37. Kg3 Ne4+ 38. Kh4 Rb2 39. g4
f6 40. Rd6 fxe5 41. Nxe5+ Kf6 42. Nf3 Rf2 43. Ne5 g5+ 44. Kh5 Rh2 45. Rxe6+
Kxe6 46. Kxh6 Rxh3+ 47. Kg6 Rb3 0-1

[Event "Junior Online 4NCL Division 4"]
[Site "online"]
[Date "2020.05.21"]
[Round "6.21"]
[White "Pasha, Farhaan"]
[Black "Lievens, Karel"]
[Result "1-0"]
[WhiteElo "1382"]
[BlackElo "1416"]
[PlyCount "73"]
[EventDate "2020.05.21"]
[WhiteTeam "Hallfield School B"]
[BlackTeam "St Benildus 2"]

1. e4 e5 2. Nf3 Nc6 3. Bc4 Nf6 4. d3 Bc5 5. Nc3 a6 6. Be3 Nd4 7. Nxe5 O-O 8.
Nf3 Nxf3+ 9. Qxf3 Bxe3 10. fxe3 d6 11. O-O Bg4 12. Qf2 b5 13. Bb3 c6 14. a4 Be6
15. axb5 Bxb3 16. cxb3 axb5 17. Rxa8 Qxa8 18. d4 b4 19. Na4 Nxe4 20. Qc2 f5 21.
Nb6 Qb7 22. Na4 Rc8 23. Rxf5 Re8 24. Rf4 Nf6 25. Qf2 Nd5 26. Rf3 Qe7 27. Qc2
Nxe3 28. Qxc6 Ng4 29. Qd5+ Kh8 30. Qf5 Qe1+ 31. Rf1 Qe3+ 32. Kh1 Nf6 33. Qb5
Qe2 34. Qxe2 Rxe2 35. Nb6 Rxb2 36. Nd5 Nxd5 37. Rf8# 1-0

[Event "Junior Online 4NCL Division 4"]
[Site "online"]
[Date "2020.05.21"]
[Round "6.22"]
[White "Cooney, Thomas"]
[Black "Kuang, Felix"]
[Result "1-0"]
[WhiteElo "1457"]
[BlackElo "1247"]
[PlyCount "157"]
[EventDate "2020.05.21"]
[WhiteTeam "St Benildus 2"]
[BlackTeam "Hallfield School B"]

1. e4 e5 2. Nf3 Nc6 3. Bc4 Nf6 4. Ng5 d5 5. exd5 Na5 6. Bb5+ c6 7. dxc6 bxc6 8.
Be2 h6 9. Nf3 Bc5 10. d3 O-O 11. O-O Re8 12. Nc3 Bb6 13. Be3 Bf5 14. a3 Rc8 15.
b4 Nb7 16. Rb1 Bxe3 17. fxe3 a6 18. e4 Bg6 19. Nh4 Qd4+ 20. Kh1 Qxc3 21. Nxg6
fxg6 22. Rb3 Qd4 23. Qe1 c5 24. c3 Qd6 25. Qg3 Kh7 26. c4 cxb4 27. Rxb4 Nc5 28.
h4 h5 29. Rbb1 Rb8 30. Rxb8 Rxb8 31. Rd1 Rb2 32. Bf1 Rb3 33. Qg5 Nfxe4 34. Qe3
a5 35. Be2 Nf6 36. Qf2 Nxd3 37. Qf3 e4 38. Qe3 Qxa3 39. Qg1 Qb2 40. Bxd3 Rxd3
41. Rb1 Qc3 42. c5 Nd7 43. Rc1 Qb4 44. c6 Nb6 45. c7 Nc8 46. Qf1 Qb7 47. Qf7 a4
48. Qc4 Rd7 49. Qxa4 Rxc7 50. Rxc7 Qxc7 51. Qxe4 Nd6 52. Qb1 Qe7 53. Qb4 Kg8
54. Qb3+ Qf7 55. Qb8+ Qf8 56. Qb3+ Kh7 57. Qb4 Qf1+ 58. Kh2 Nf5 59. Qf8 Nxh4
60. Qxf1 Kh6 61. g3 Nf5 62. Kh3 Kg5 63. Qf4+ Kf6 64. g4 hxg4+ 65. Kxg4 Ke6 66.
Qe4+ Kf6 67. Qf4 Ke6 68. Kg5 Kf7 69. Qe5 Kf8 70. Kxg6 Ne7+ 71. Kg5 Kf7 72. Qf4+
Ke8 73. Qe5 Kf7 74. Kh5 Ke8 75. Qxg7 Nf5 76. Qf6 Ng3+ 77. Kg4 Ne4 78. Qe5+ Kd7
79. Qxe4 1-0

[Event "Junior Online 4NCL Division 4"]
[Site "online"]
[Date "2020.05.21"]
[Round "6.23"]
[White "Agrawal, Ayan"]
[Black "Brady, Fearghal"]
[Result "0-1"]
[WhiteElo "1292"]
[BlackElo "1450"]
[PlyCount "80"]
[EventDate "2020.05.21"]
[WhiteTeam "Hallfield School B"]
[BlackTeam "St Benildus 2"]

1. d4 Nf6 2. Nf3 g6 3. Nc3 Bg7 4. Bf4 d6 5. e3 O-O 6. Bc4 c6 7. Qd2 Nbd7 8. e4
b5 9. Bb3 b4 10. Ne2 Nxe4 11. Qxb4 Nb6 12. Nc3 a5 13. Qa3 Nxc3 14. bxc3 a4 15.
Rb1 axb3 16. Qxb3 Nd5 17. Be3 Nxe3 18. fxe3 Be6 19. c4 Qa5+ 20. Kf1 Qxa2 21.
Ke2 Bxc4+ 22. Qxc4 Qxc4+ 23. Kd2 Ra2 24. Rbc1 Rb8 25. Ke1 Rxc2 26. Rxc2 Qxc2
27. Kf1 Rb1+ 28. Ne1 Qd3+ 29. Kf2 Qd2+ 30. Kg3 Rxe1 31. Rxe1 Qxe1+ 32. Kf3 c5
33. dxc5 dxc5 34. g3 c4 35. Ke4 c3 36. Kd3 Qd2+ 37. Ke4 c2 38. Kf3 c1=Q 39. Kg4
Qcd1+ 40. Kh3 Qh5# 0-1

[Event "Junior Online 4NCL Division 4"]
[Site "online"]
[Date "2020.05.21"]
[Round "6.25"]
[White "Lievens, Karel"]
[Black "Pasha, Farhaan"]
[Result "0-1"]
[WhiteElo "1416"]
[BlackElo "1382"]
[PlyCount "82"]
[EventDate "2020.05.21"]
[WhiteTeam "St Benildus 2"]
[BlackTeam "Hallfield School B"]

1. e4 e5 2. Nf3 Nc6 3. Nc3 Bc5 4. Nxe5 Bxf2+ 5. Kxf2 Nxe5 6. d4 Qf6+ 7. Kg1 Ng4
8. Qd2 Ne7 9. h3 Nh6 10. Bd3 Qxd4+ 11. Kh2 O-O 12. Qe2 Qe5+ 13. g3 Qf6 14. Rf1
Qg6 15. e5 Qe6 16. Qe4 g6 17. Bxh6 d5 18. Qg4 Qxg4 19. hxg4 Re8 20. Be2 d4 21.
Nb5 Nd5 22. Bc4 Rxe5 23. Bxd5 Bxg4 24. Bxf7+ Kh8 25. Nxd4 Rh5+ 26. Kg1 Rxh6 27.
Rae1 Kg7 28. Re7 Kh8 29. Re8+ Rxe8 30. Bxe8 Bh3 31. Rf8+ Kg7 32. Ne6+ Bxe6 33.
Rf4 Bxa2 34. b3 Bb1 35. Rf7+ Kh8 36. Rxc7 b6 37. Bb5 Rh5 38. Ba4 Rg5 39. Rb7
Bxc2 40. Kf2 Rf5+ 41. Kg2 Be4+ 0-1

[Event "Junior Online 4NCL Division 4"]
[Site "online"]
[Date "2020.05.21"]
[Round "6.26"]
[White "Kuang, Felix"]
[Black "Cooney, Thomas"]
[Result "0-1"]
[WhiteElo "1247"]
[BlackElo "1457"]
[PlyCount "68"]
[EventDate "2020.05.21"]
[WhiteTeam "Hallfield School B"]
[BlackTeam "St Benildus 2"]

1. e4 e6 2. d4 d5 3. exd5 exd5 4. Nf3 c6 5. a3 Bd6 6. Nc3 Ne7 7. Bd3 Bg4 8. h3
Bxf3 9. Qxf3 Nd7 10. Be3 Qc7 11. O-O f6 12. Qg4 g5 13. Bf5 O-O-O 14. a4 Nxf5
15. Qxf5 h5 16. f3 Kb8 17. a5 Rdg8 18. a6 b6 19. Rfe1 g4 20. h4 gxf3 21. Qxf3
Rg3 22. Qf2 Rhg8 23. Re2 Rh3 24. Kf1 Rh1+ 25. Qg1 Rxg1+ 26. Bxg1 Bg3 27. Bf2
Bxf2 28. Rxf2 Qh2 29. Ke2 Rxg2 30. Rxg2 Qxg2+ 31. Kd3 Qf3+ 32. Kd2 Qf2+ 33. Kd3
c5 34. dxc5 Nxc5# 0-1

[Event "Junior Online 4NCL Division 4"]
[Site "online"]
[Date "2020.05.21"]
[Round "6.27"]
[White "Brady, Fearghal"]
[Black "Agrawal, Ayan"]
[Result "1-0"]
[WhiteElo "1450"]
[BlackElo "1292"]
[PlyCount "34"]
[EventDate "2020.05.21"]
[WhiteTeam "St Benildus 2"]
[BlackTeam "Hallfield School B"]

1. e4 e5 2. Nf3 Nc6 3. Bc4 Bc5 4. c3 Nf6 5. d4 exd4 6. cxd4 Bb6 7. O-O Qe7 8.
Nc3 Ba5 9. e5 Ng8 10. Bg5 f6 11. exf6 Nxf6 12. Re1 Ne5 13. Rxe5 Qe6 14. Bxe6
dxe6 15. Qa4+ Bd7 16. Qxa5 b6 17. Qb4 Kf7 1-0

[Event "Junior Online 4NCL Division 4"]
[Site "online"]
[Date "2020.05.21"]
[Round "6.31"]
[White "Wang, Yong Gui"]
[Black "Asryan, Kagik"]
[Result "0-1"]
[WhiteElo "1600"]
[BlackElo "1345"]
[PlyCount "76"]
[EventDate "2020.05.21"]
[WhiteTeam "KJCA Young Kestrels D"]
[BlackTeam "Harrow Juniors C"]

1. e4 e5 2. Nf3 Nc6 3. Bc4 Bc5 4. c3 d6 5. d4 Bb6 6. h3 Qf6 7. Bg5 Qg6 8. Nbd2
exd4 9. cxd4 Nxd4 10. Nxd4 Qxg5 11. N2f3 Qa5+ 12. Qd2 Qxd2+ 13. Kxd2 Nf6 14.
Bb5+ c6 15. Nxc6 a6 16. Ba4 Nxe4+ 17. Kc2 Bd7 18. Rhe1 f5 19. Nfd4 Bxd4 20.
Nxd4 Bxa4+ 21. b3 Rc8+ 22. Kb2 Bd7 23. f3 d5 24. fxe4 fxe4 25. Rf1 Rf8 26.
Rxf8+ Kxf8 27. Rf1+ Ke7 28. Ka3 Kd6 29. Rf7 Ke5 30. Ne2 Rc2 31. Nf4 Be8 32. Rf8
d4 33. g3 Rc8 34. g4 e3 35. Rf5+ Ke4 36. Rd5 Kxf4 37. Rxd4+ Kg3 38. Re4 Kf2 0-1

[Event "Junior Online 4NCL Division 4"]
[Site "online"]
[Date "2020.05.21"]
[Round "6.32"]
[White "Paul, Alexandre"]
[Black "Sagar, Aneesh"]
[Result "0-1"]
[WhiteElo "1352"]
[BlackElo "1607"]
[PlyCount "80"]
[EventDate "2020.05.21"]
[WhiteTeam "Harrow Juniors C"]
[BlackTeam "KJCA Young Kestrels D"]

1. e4 e5 2. Nf3 Nc6 3. Nc3 Bc5 4. Bc4 Nf6 5. d3 Nd4 6. Bg5 Nxf3+ 7. gxf3 c6 8.
Qe2 d6 9. O-O-O Bd4 10. Rhg1 Qa5 11. Bxf6 gxf6 12. Rg7 Rf8 13. Qd2 Be6 14. Bxe6
fxe6 15. Rxb7 Rf7 16. Rb3 O-O-O 17. Ra3 Qb6 18. Na4 Qb5 19. c4 Qb7 20. Rb3 Bb6
21. Nxb6+ axb6 22. Qb4 Kc7 23. a4 Ra8 24. a5 Rxa5 25. Kc2 Ra8 26. Ra3 Rxa3 27.
bxa3 Rg7 28. Rb1 Rg2 29. a4 Rxf2+ 30. Kc3 c5 31. Qb5 Qa7 32. Ra1 Qa5+ 33. Kb3
Qd2 34. a5 Qc2+ 35. Ka3 Qxd3+ 36. Ka4 Qc2+ 37. Ka3 Rxf3+ 38. Qb3 Rxb3+ 39. Ka4
Rb4+ 40. Ka3 Qb3# 0-1

[Event "Junior Online 4NCL Division 4"]
[Site "online"]
[Date "2020.05.21"]
[Round "6.33"]
[White "Shkuratovskyi, Artemiy"]
[Black "Evans, Daniel"]
[Result "1-0"]
[WhiteElo "1547"]
[BlackElo "1270"]
[PlyCount "107"]
[EventDate "2020.05.21"]
[WhiteTeam "KJCA Young Kestrels D"]
[BlackTeam "Harrow Juniors C"]

1. e4 c5 2. Nf3 d6 3. d3 Nc6 4. Nc3 e6 5. Bg5 Be7 6. Bxe7 Qxe7 7. Be2 Nf6 8.
O-O O-O 9. h3 Qd8 10. Re1 Re8 11. d4 cxd4 12. Nxd4 Nxd4 13. Qxd4 e5 14. Qd2 Be6
15. Nb5 d5 16. exd5 Bxd5 17. b3 a6 18. c4 axb5 19. cxd5 Qxd5 20. Qxd5 Nxd5 21.
Bxb5 Re7 22. Bc4 Nb4 23. Re2 Kh8 24. a3 Nc6 25. a4 f6 26. Rd1 Rd8 27. Red2 Rxd2
28. Rxd2 h6 29. f3 Nd4 30. g3 g5 31. Kf2 Kg7 32. b4 h5 33. g4 hxg4 34. hxg4 b5
35. Bxb5 Nxb5 36. axb5 Rb7 37. Rd5 Kf7 38. Ke3 Ke6 39. Ke4 Rb6 40. Rc5 Rb7 41.
Rc6+ Kf7 42. b6 Kg6 43. b5 Rd7 44. Rc7 Rd4+ 45. Ke3 Rb4 46. Rc5 Rb3+ 47. Kf2
Rd3 48. b7 Rd8 49. Rc8 Rd2+ 50. Kg3 e4 51. b8=Q e3 52. Rg8+ Kh7 53. Qf8 f5 54.
Qg7# 1-0

[Event "Junior Online 4NCL Division 4"]
[Site "online"]
[Date "2020.05.21"]
[Round "6.34"]
[White "Laza, Andrei"]
[Black "Garrett, Oli"]
[Result "1/2-1/2"]
[WhiteElo "1315"]
[BlackElo "1592"]
[PlyCount "50"]
[EventDate "2020.05.21"]
[WhiteTeam "Harrow Juniors C"]
[BlackTeam "KJCA Young Kestrels D"]

1. e4 e6 2. d4 d5 3. e5 c5 4. c3 Nc6 5. Nf3 Qb6 6. Bd3 Nge7 7. O-O h5 8. Na3 a6
9. Qe2 Bd7 10. Bg5 O-O-O 11. Rab1 cxd4 12. cxd4 Nxd4 13. Nxd4 Qxd4 14. Rbc1+
Kb8 15. Rc3 f6 16. exf6 gxf6 17. Be3 Qg4 18. f3 Qg7 19. Bb6 Rc8 20. Rxc8+ Nxc8
21. Bf2 Rg8 22. g3 h4 23. Kh1 hxg3 24. Bxg3+ Bd6 25. Bxd6+ Nxd6 1/2-1/2

[Event "Junior Online 4NCL Division 4"]
[Site "online"]
[Date "2020.05.21"]
[Round "6.35"]
[White "Asryan, Kagik"]
[Black "Wang, Yong Gui"]
[Result "1-0"]
[WhiteElo "1345"]
[BlackElo "1600"]
[PlyCount "75"]
[EventDate "2020.05.21"]
[WhiteTeam "Harrow Juniors C"]
[BlackTeam "KJCA Young Kestrels D"]

1. e4 e6 2. d4 d5 3. Nc3 Bb4 4. a3 Ba5 5. exd5 exd5 6. Qe2+ Be6 7. Qb5+ Nc6 8.
Be3 Bb6 9. Qd3 Nf6 10. O-O-O Qd7 11. Qd2 a6 12. Kb1 Ba5 13. Bd3 Bf5 14. Nge2
O-O-O 15. f3 Kb8 16. Bf4 Rhe8 17. g4 Bxd3 18. Qxd3 h6 19. h4 Re6 20. Na4 Bb6
21. Nxb6 Qe7 22. Ng3 Na5 23. Nf5 Qf8 24. Qd2 Nc4 25. Nxc4 dxc4 26. Ne3 Rc6 27.
Qa5 Ka7 28. d5 Rc5 29. Qb4 a5 30. Qa4 Ka6 31. b4 cxb3 32. c4 b5 33. cxb5+ Rxb5
34. Bxc7 Rc8 35. Rc1 Qe7 36. Rc6+ Ka7 37. Qxb5 Rxc7 38. Ra6# 1-0

[Event "Junior Online 4NCL Division 4"]
[Site "online"]
[Date "2020.05.21"]
[Round "6.36"]
[White "Sagar, Aneesh"]
[Black "Paul, Alexandre"]
[Result "1-0"]
[WhiteElo "1607"]
[BlackElo "1352"]
[PlyCount "47"]
[EventDate "2020.05.21"]
[WhiteTeam "KJCA Young Kestrels D"]
[BlackTeam "Harrow Juniors C"]

1. e4 e5 2. Nf3 Nc6 3. Bc4 h6 4. d4 d6 5. Bb5 Bg4 6. d5 Bxf3 7. Qxf3 a6 8. dxc6
axb5 9. Qc3 b6 10. Na3 Nf6 11. f3 d5 12. O-O dxe4 13. Qxe5+ Be7 14. Nxb5 Ra5
15. Nxc7+ Kf8 16. Nb5 Bc5+ 17. Kh1 Rxb5 18. Be3 Nd5 19. Bxc5+ bxc5 20. Rfd1 c4
21. fxe4 Qb6 22. Qd6+ Ne7 23. Qd8+ Qxd8 24. Rxd8# 1-0

[Event "Junior Online 4NCL Division 4"]
[Site "online"]
[Date "2020.05.21"]
[Round "6.37"]
[White "Evans, Daniel"]
[Black "Shkuratovskyi, Artemiy"]
[Result "1/2-1/2"]
[WhiteElo "1270"]
[BlackElo "1547"]
[PlyCount "84"]
[EventDate "2020.05.21"]
[WhiteTeam "Harrow Juniors C"]
[BlackTeam "KJCA Young Kestrels D"]

1. c4 e5 2. g3 d5 3. cxd5 Qxd5 4. Nf3 e4 5. Nc3 Qe6 6. Nd4 Qd7 7. e3 c5 8. Bb5
Nc6 9. Nxc6 bxc6 10. Bf1 Nf6 11. Bg2 Qd3 12. Qe2 Qxe2+ 13. Nxe2 Bd6 14. Nc3 Bf5
15. O-O O-O 16. b3 Be5 17. Bb2 Rfd8 18. Rfd1 Nd5 19. Nxd5 Bxb2 20. Ne7+ Kf8 21.
Nxf5 Bxa1 22. Rxa1 Rxd2 23. Bxe4 g6 24. Nh4 Rc8 25. Nf3 Rb2 26. Ne5 f5 27. Bg2
Rd8 28. Bxc6 Ke7 29. Bg2 Kf6 30. Nc4 Rc2 31. h4 h6 32. Kh2 Rxf2 33. Kg1 Re2 34.
Bf3 Rc2 35. e4 Rc3 36. e5+ Ke6 37. Kf2 Rdd3 38. Be2 Rxg3 39. Rd1 Rh3 40. Rd6+
Kf7 41. Rf6+ Ke7 42. Rxg6 Rc2 1/2-1/2

[Event "Junior Online 4NCL Division 4"]
[Site "online"]
[Date "2020.05.21"]
[Round "6.38"]
[White "Garrett, Oli"]
[Black "Laza, Andrei"]
[Result "1-0"]
[WhiteElo "1592"]
[BlackElo "1315"]
[PlyCount "55"]
[EventDate "2020.05.21"]
[WhiteTeam "KJCA Young Kestrels D"]
[BlackTeam "Harrow Juniors C"]

1. d4 d5 2. c4 e6 3. Nc3 Nf6 4. Nf3 Bb4 5. Bd2 O-O 6. e3 c6 7. Qc2 b6 8. a3
Bxc3 9. Bxc3 Ba6 10. b3 Qc7 11. Bd3 g6 12. Ne5 Nbd7 13. Nxd7 Qxd7 14. cxd5 Bxd3
15. Qxd3 cxd5 16. h4 Rac8 17. Rc1 Qd6 18. O-O Qxa3 19. Qb5 Ne4 20. Bb4 Qxc1 21.
Rxc1 Rxc1+ 22. Kh2 Rfc8 23. Qa6 Nxf2 24. Qxa7 Rh1+ 25. Kg3 Rc2 26. Qb8+ Kg7 27.
Bf8+ Kf6 28. Qe5# 1-0

[Event "Junior Online 4NCL Division 4"]
[Site "online"]
[Date "2020.05.21"]
[Round "6.41"]
[White "Cimurs, Alexander"]
[Black "Patel, Keatan"]
[Result "0-1"]
[WhiteElo "1337"]
[BlackElo "1367"]
[PlyCount "106"]
[EventDate "2020.05.21"]
[WhiteTeam "Leicestershire Juniors 2"]
[BlackTeam "Warwickshire Bears D"]

1. e4 e5 2. Nf3 Nc6 3. Bc4 d6 4. h3 Nf6 5. Ng5 d5 6. exd5 Nxd5 7. Bxd5 Qxg5 8.
Bxc6+ bxc6 9. d3 Qxg2 10. Rf1 Bxh3 11. Nd2 Bb4 12. c3 Bc5 13. b3 O-O 14. Bb2
Rae8 15. Qc2 e4 16. dxe4 Re7 17. O-O-O Bxf2 18. Nc4 Bg3 19. Rg1 Bf4+ 20. Kb1
Qxe4 21. Qxe4 Rxe4 22. Ba3 Rfe8 23. Rh1 Bf5 24. Ka1 Be5 25. Nxe5 R4xe5 26. Bb2
Be4 27. Rhg1 f6 28. c4 Rh5 29. Rd7 g6 30. Rxc7 Rh1 31. Bd4 Rd8 32. Bxa7 Rxg1+
33. Bxg1 Rd1+ 34. Kb2 Rxg1 35. Kc3 Ra1 36. a4 h5 37. Kd4 f5 38. c5 h4 39. Ke5
h3 40. Kf6 Rg1 41. Rg7+ Kf8 42. Rf7+ Ke8 43. Re7+ Kd8 44. Ke6 h2 45. Kd6 Rd1+
46. Ke6 Bd5+ 47. Kd6 Bxb3+ 48. Kxc6 Kxe7 49. Kc7 Rd7+ 50. Kc6 Bxa4+ 51. Kb6
h1=Q 52. c6 Qb1+ 53. Ka5 Qb5# 0-1

[Event "Junior Online 4NCL Division 4"]
[Site "online"]
[Date "2020.05.21"]
[Round "6.42"]
[White "Alexander, Ryan"]
[Black "Datoo, Noor"]
[Result "0-1"]
[WhiteElo "1352"]
[BlackElo "1307"]
[PlyCount "72"]
[EventDate "2020.05.21"]
[WhiteTeam "Warwickshire Bears D"]
[BlackTeam "Leicestershire Juniors 2"]

1. e4 e5 2. Bc4 Nf6 3. d4 exd4 4. Qxd4 Nc6 5. Qd1 Bc5 6. Nf3 Nxe4 7. Bxf7+ Kf8
8. O-O d6 9. Qd5 Nf6 10. Qb3 d5 11. Rd1 Kxf7 12. Ng5+ Ke7 13. Re1+ Kf8 14. Nc3
h6 15. Qb5 Qd6 16. Nf3 a6 17. Qd3 Ng4 18. g3 Bxf2+ 19. Kh1 Bxe1 20. Qe3 Nxe3
21. Bxe3 Bxc3 22. bxc3 Bg4 23. Rf1 Bxf3+ 24. Rxf3+ Kg8 25. Rf4 Rf8 26. Rg4 Ne5
27. Rd4 Qf6 28. Bf4 Nf3 29. Rd1 g5 30. Bxc7 Nxh2 31. Bb6 Qxb6 32. Kxh2 Qf2+ 33.
Kh3 g4+ 34. Kxg4 h5+ 35. Kh3 h4 36. Kg4 Qf5# 0-1

[Event "Junior Online 4NCL Division 4"]
[Site "online"]
[Date "2020.05.21"]
[Round "6.43"]
[White "Eradi, Madhav"]
[Black "Vaidyanathan, Adithya"]
[Result "0-1"]
[WhiteElo "1225"]
[BlackElo "1315"]
[PlyCount "124"]
[EventDate "2020.05.21"]
[WhiteTeam "Leicestershire Juniors 2"]
[BlackTeam "Warwickshire Bears D"]

1. e4 c5 2. Nf3 b6 3. Bb5 a6 4. Bc4 b5 5. Bd5 Nc6 6. O-O Bb7 7. c3 e6 8. Bxc6
Bxc6 9. Re1 d6 10. d4 cxd4 11. cxd4 Bb7 12. d5 e5 13. Qd2 Nf6 14. Qg5 h6 15.
Qh4 Be7 16. Qg3 O-O 17. Bxh6 Nh5 18. Qg4 Kh7 19. Qxh5 gxh6 20. g4 f6 21. h4 Rg8
22. Kh2 Bc8 23. Rg1 Qe8 24. Qxe8 Rxe8 25. g5 hxg5 26. hxg5 fxg5 27. Nxg5+ Bxg5
28. Rxg5 Rf8 29. Rg2 Rf4 30. Nc3 Bg4 31. a3 Bf3 32. Rg3 Bxe4 33. Nxe4 Rxe4 34.
Rh3+ Kg6 35. Rg1+ Kf6 36. Rf3+ Rf4 37. Rxf4+ exf4 38. Rg4 Kf5 39. Kh3 Rh8+ 40.
Rh4 Rg8 41. f3 Rg3+ 42. Kh2 Rxf3 43. Kg2 Rg3+ 44. Kf2 Kg5 45. Rh8 Rd3 46. Ra8
Rxd5 47. Rxa6 Rd2+ 48. Kf3 Rxb2 49. Rxd6 b4 50. a4 Ra2 51. Rd4 Rxa4 52. Rxf4
Ra3+ 53. Ke2 Kxf4 54. Kd2 b3 55. Kc1 Ke3 56. Kb1 Kd3 57. Kb2 Kd2 58. Kxa3 Kc3
59. Ka4 b2 60. Ka3 b1=Q 61. Ka4 Qb6 62. Ka3 Qa5# 0-1

[Event "Junior Online 4NCL Division 4"]
[Site "online"]
[Date "2020.05.21"]
[Round "6.44"]
[White "Vaidyanathan, Sathya"]
[Black "Masood, Rameen"]
[Result "1/2-1/2"]
[WhiteElo "1292"]
[BlackElo "1097"]
[PlyCount "49"]
[EventDate "2020.05.21"]
[WhiteTeam "Warwickshire Bears D"]
[BlackTeam "Leicestershire Juniors 2"]

1. e4 e6 2. d4 d5 3. exd5 exd5 4. Nf3 Nc6 5. Nc3 Nf6 6. Bg5 Bb4 7. a3 Bxc3+ 8.
bxc3 Bf5 9. Bd3 g6 10. Bxf5 gxf5 11. O-O h6 12. Bxf6 Qxf6 13. Re1+ Ne7 14. Qd2
O-O-O 15. Qe2 Rde8 16. Qd3 Rhg8 17. Nd2 Qg6 18. Qh3 Rg7 19. Re3 Reg8 20. Rg3
Qe6 21. Rxg7 Rxg7 22. Nf3 Ng6 23. Re1 Qf6 24. g3 Nf4 25. Qf1 1/2-1/2

[Event "Junior Online 4NCL Division 4"]
[Site "online"]
[Date "2020.05.21"]
[Round "6.45"]
[White "Patel, Keatan"]
[Black "Cimurs, Alexander"]
[Result "1-0"]
[WhiteElo "1367"]
[BlackElo "1337"]
[PlyCount "119"]
[EventDate "2020.05.21"]
[WhiteTeam "Warwickshire Bears D"]
[BlackTeam "Leicestershire Juniors 2"]

1. e4 e5 2. Nf3 Nc6 3. Bc4 Bc5 4. Nc3 Nf6 5. d3 h6 6. O-O O-O 7. Nd5 Nxd5 8.
Bxd5 Nd4 9. Nxe5 d6 10. Bxf7+ Rxf7 11. Nxf7 Kxf7 12. Qh5+ Kg8 13. Qg6 Nxc2 14.
Bxh6 Qf6 15. Qxf6 gxf6 16. Rac1 Nb4 17. a3 Nxd3 18. Rc3 Nxb2 19. Rg3+ Kh7 20.
Bg7 Nc4 21. Bxf6 Nxa3 22. Rg7+ Kh6 23. Rxc7 b5 24. Bg7+ Kg6 25. e5 dxe5 26.
Rxc5 Kxg7 27. Rxe5 Ba6 28. Ra1 b4 29. Re4 Nc2 30. Rxa6 b3 31. Re7+ Kf8 32. Rb7
Rd8 33. Rf6+ Kg8 34. Rg6+ Kf8 35. g3 Ne3 36. Rf6+ Kg8 37. fxe3 Rd1+ 38. Rf1 Rd8
39. Rxb3 a5 40. Rb5 Ra8 41. Ra1 a4 42. Rg5+ Kh8 43. h4 a3 44. h5 a2 45. h6 Kh7
46. Rh5 Kg6 47. g4 Ra4 48. h7 Rxg4+ 49. Kf2 Kxh5 50. h8=Q+ Kg5 51. Qg7+ Kf5 52.
e4+ Kf4 53. Qf6+ Kxe4 54. Re1+ Kd3 55. Qf5+ Kc4 56. Qxg4+ Kd5 57. Qf5+ Kd6 58.
Re6+ Kd7 59. Qf7+ Kd8 60. Re8# 1-0

[Event "Junior Online 4NCL Division 4"]
[Site "online"]
[Date "2020.05.21"]
[Round "6.46"]
[White "Datoo, Noor"]
[Black "Alexander, Ryan"]
[Result "0-1"]
[WhiteElo "1307"]
[BlackElo "1352"]
[PlyCount "130"]
[EventDate "2020.05.21"]
[WhiteTeam "Leicestershire Juniors 2"]
[BlackTeam "Warwickshire Bears D"]

1. e4 e5 2. Nf3 Nc6 3. Nc3 Bc5 4. Bc4 Nf6 5. d3 h6 6. Be3 Bb6 7. d4 Ng4 8. d5
Bxe3 9. fxe3 Nxe3 10. Qe2 Nxc4 11. Qxc4 Nd4 12. Nxd4 exd4 13. Qxd4 O-O 14.
O-O-O Re8 15. h3 Qg5+ 16. Rd2 c6 17. h4 Qf4 18. Kb1 c5 19. Qd3 d6 20. Rf1 Qxh4
21. Qf3 Rf8 22. Rdf2 Bd7 23. g3 Qg5 24. Ne2 Bb5 25. Rh1 Bxe2 26. Qxe2 Qxg3 27.
Rg2 Qf4 28. a3 Rae8 29. Qh5 Kh7 30. Rgh2 Re5 31. Qh3 Rxe4 32. Qg2 Rd4 33. Rg1
Rg8 34. Qg3 Rd1+ 35. Ka2 Qc4+ 36. b3 Rxg1 37. Qxg1 Qxd5 38. Qg3 a5 39. c4 Qe6
40. Qd3+ Qg6 41. Qxg6+ fxg6 42. Re2 g5 43. Re6 Rd8 44. Re7 Rb8 45. Re6 Rd8 46.
Re7 b6 47. Rb7 d5 48. Rxb6 dxc4 49. bxc4 Rd2+ 50. Kb3 Rd3+ 51. Ka4 g4 52. Rb5
g3 53. Rxc5 g2 54. Rxa5 g1=Q 55. c5 Qc1 56. Kb5 Qb2+ 57. Kc6 Qf6+ 58. Kb5 Rb3+
59. Kc4 Qc3+ 60. Kd5 Qxa5 61. Kd6 Rd3+ 62. Kc6 Rc3 63. Kd7 Qxc5 64. Ke6 Re3+
65. Kf7 Qf5# 0-1